Capitales de América del Norte en un mapa - Estadísticas

Estadísticas generales
  • Esta prueba ha sido intentada 169 veces
  • La puntuación promedio es 17 de 23
Respuestas en el mapa
Las respuestas están codificadas por una escala verde-roja en el mapa de la prueba según el % correcto abajo.
 
Estadísticas de respuestas
Respuesta % Correcto
Ciudad de México
97%
Washington D. C.
97%
Ottawa
93%
La Habana
89%
Santo Domingo
88%
San Salvador
86%
Ciudad de Guatemala
84%
Ciudad de Panamá
84%
Kingston
84%
Kingstown
84%
San José
82%
Tegucigalpa
78%
Managua
77%
Belmopán
73%
Puerto Príncipe
73%
Nasáu
71%
Puerto España
63%
Bridgetown
56%
Saint John's
56%
Roseau
55%
Saint George
53%
Basseterre
52%
Castries
51%
No se encontraron pruebas coincidentes
Distribución de puntuación
Porcentaje de gente con cada puntuación
Porcentaje por número respondido
Historial de tus puntuaciones
No has intentado esta prueba.